000 00539nam a22002057a 4500
003 LK-CoMWRAF
005 20240106125611.0
008 240106b |||||||| |||| 00| 0 eng d
040 _aLK-CoMWRAF
_dLK-CoMWRAF
_eLK-CoMWRAF
041 _aeng
082 _a297.22
_bASA
100 _aAsadi, Kamber
245 _a Body & soul
260 _aDubai:
_bAhl-ul Bait Islamic Foundation,
_c[19--?]
300 _a 116 p.
650 _aMuslim pilgrims and pilgrimages
650 _aReligious life- Islam
650 _aSoul- Islam
942 _cBK
999 _c4595
_d4595